| 000 | 00562cac a22001931u 4500 | ||
|---|---|---|---|
| 090 | _c5355 | ||
| 008 | 081201t 1990xxu||||| |||| 00| 0 eng d | ||
| 010 | _a008154812 | ||
| 020 | _a1871948150 | ||
| 082 |
_a650.1 _bCAS |
||
| 245 |
_aHow to overcome competition / _cHerbert N. Casson. |
||
| 250 | _aRev. and updated ed. | ||
| 260 |
_aThornhill : _bTynron Press, _c1990. |
||
| 260 | _bDistributer : Al Ahram. | ||
| 300 |
_a68 p. ; _b19 cm. |
||
| 490 | _a( The business success series. Management) | ||
| 650 | _aSuccess in business. | ||
| 942 |
_cBB _k650.1CAS _2ddc |
||
| 999 |
_c5355 _d5355 |
||